Estructura y composición de dos bosques ubicados en la cuenca de la quebrada la Piscina, parque nacional natural la serranía de Chiribiquete, Caquetá, Colombia (Registro nro. 2482)
[ vista simple ]
| 000 -CABECERA | |
|---|---|
| Campo de control | 00709nam a2200193 a 4500 |
| 005 - FECHA Y HORA DE LA ULTIMA TRANSACCION | |
| Campo de control | 20160827110412.0 |
| 008 - ELEMENTOS DE LONGITUD FIJA—INFORMACION GENERAL | |
| Campo de control | 140305b2001 CK |||||rm||| 00| 0 spa d |
| 040 ## - FUENTE DE CATALOGACIÓN | |
| Agencia catalogadora original | CO-BoIAVH |
| Agencia transcriptora | CO-BoIAVH |
| 041 ## - IDIOMA | |
| Código de idioma para texto/pista de sonido o título separado | Español |
| -- | Español |
| 090 ## - CLASIFICACIÓN LOCAL | |
| Colección | TE |
| Consecutivo | 0126 |
| 100 ## - ASIENTO PRINCIPAL--NOMBRE PERSONAL | |
| Nombre personal | Davila Reyes, Daniel |
| 9 (RLIN) | 5190 |
| 245 ## - MENCION DE TITULO | |
| Título | Estructura y composición de dos bosques ubicados en la cuenca de la quebrada la Piscina, parque nacional natural la serranía de Chiribiquete, Caquetá, Colombia |
| 260 ## - PUBLICACION, DISTRIBUCION, ETC. (PIE DE IMPRENTA) | |
| Lugar de publicación, distribución, etc. | Bogotá |
| Nombre del editor, distribuidor, etc. | Universidad de los Andes. Facultad de Ciencias |
| Fecha de publicación, distribución, etc. | 2001 |
| 300 ## - DESCRIPCION FISICA | |
| Extensión | 64 Paginas |
| 650 ## - ASIENTO SECUNDARIO DE MATERIA - TERMINO TEMATICO | |
| Término temático o nombre geográfico como elemento de entrada | Composición florística |
| 9 (RLIN) | 3868 |
| 650 ## - ASIENTO SECUNDARIO DE MATERIA - TERMINO TEMATICO | |
| Término temático o nombre geográfico como elemento de entrada | Estructura vegetal |
| 9 (RLIN) | 3505 |
| 650 ## - ASIENTO SECUNDARIO DE MATERIA - TERMINO TEMATICO | |
| Término temático o nombre geográfico como elemento de entrada | Indices de diversidad |
| 9 (RLIN) | 3559 |
| 942 ## - ELEMENTOS ADICIONALES (KOHA) | |
| Tipo de ítem | Tesis |
| Sistema de clasificación | Local |
| Koha issues (borrowed), all copies | 1 |
| Withdrawn status | Lost status | Sistema de Clasificación | Damaged status | No para préstamo | Colección | Ubicación Permanente | Ubicación actual | Fecha de adquisición | Fuente de Valor | Total Checkouts | Número topográfico | Inventario / Código de Barras | Date last seen | Date checked out | Ejemplar | Price effective from | Forma de adquisición | Tipo de material | Public note |
|---|---|---|---|---|---|---|---|---|---|---|---|---|---|---|---|---|---|---|---|
| Local | Tesis | Bogotá | Bogotá | 05/10/2001 | Davila Reyes, Daniel | 1 | TE-0126 | 009398 | 26/06/2014 | 23/05/2014 | Ej. 1 | 04/12/2012 | Donación | Tesis | Disponible solo para consulta en sala |